Statystyki dla Państwa Świata - Z końcówką -stan

Kliknij tutaj aby rozwiązać quiz!

Ogólne statystyki

  • Ten quiz został rozwiązany 145 razy
  • Średni wynik to 6 z 7

Statystyki odpowiedzi

KontynentPaństwo% Poprawnych
AzjaUzbekistan
90%
AzjaPakistan
88%
AzjaTadżykistan
88%
AzjaKazachstan
87%
AzjaTurkmenistan
87%
AzjaAfganistan
84%
AzjaKirgistan
80%

Rozkład punktacji

Percentyl według liczby udzielonych odpowiedzi

Procent ludzi z każdym wynikiem

Twoja historia wyników

Nie rozwiązałeś tego quizu